Engineering mathematics:programmes and problems (Record no. 63521)

000 -LEADER
fixed length control field 00499nam a22001817a 4500
003 - CONTROL NUMBER IDENTIFIER
control field NUST - PNEC
005 - DATE AND TIME OF LATEST TRANSACTION
control field 20170116180815.0
008 - FIXED-LENGTH DATA ELEMENTS--GENERAL INFORMATION
fixed length control field 150520b xxu||||| |||| 00| 0 eng d
020 ## - INTERNATIONAL STANDARD BOOK NUMBER
International Standard Book Number 0333448863
040 ## - CATALOGING SOURCE
Transcribing agency LIBRARY
082 ## - DEWEY DECIMAL CLASSIFICATION NUMBER
Classification number 510.2462 STR
100 ## - MAIN ENTRY--PERSONAL NAME
9 (RLIN) 3653
Personal name Stroud, K. A.
245 ## - TITLE STATEMENT
Title Engineering mathematics:programmes and problems
Statement of responsibility, etc. K.A. Stroud
260 ## - PUBLICATION, DISTRIBUTION, ETC.
Place of publication, distribution, etc. London
Name of publisher, distributor, etc. Macmillan
Date of publication, distribution, etc. c1970.
300 ## - PHYSICAL DESCRIPTION
Extent 950 p. :
650 ## - SUBJECT ADDED ENTRY--TOPICAL TERM
9 (RLIN) 3655
Topical term or geographic name entry element Engineering mathematics
General subdivision General
942 ## - ADDED ENTRY ELEMENTS (KOHA)
Source of classification or shelving scheme
Koha item type Book
Holdings
Withdrawn status Lost status Source of classification or shelving scheme Damaged status Not for loan Permanent Location Current Location Shelving location Date acquired Source of acquisition Cost, normal purchase price Total Checkouts Full call number Barcode Date last seen Cost, replacement price Price effective from Koha item type
          Pakistan Navy Engineering College (PNEC) Pakistan Navy Engineering College (PNEC)   09/19/1990 Royal Book Company / Library Grant 552.00   510.2462 STR PNECLIB-014836 05/20/2015 552.00 09/19/1990 Book
          Pakistan Navy Engineering College (PNEC) Pakistan Navy Engineering College (PNEC)           510.2462 STR PNECLIB-014837 01/18/2016     Book
© 2023 Central Library, National University of Sciences and Technology. All Rights Reserved.